Nombres populares para bebés en 2024 (Catalunya) - Estadísticas

Estadísticas generales
  • Esta prueba ha sido intentada 218 veces
    53 desde el último reinicio
  • La puntuación promedio es 15 de 40
Estadísticas de respuestas
Pista Noms % Correcto
M Martí
86%
M Marc
84%
M Maria
84%
P Pau
84%
S Sara
73%
J Julia
70%
M Martina
65%
O Ona
59%
P Pol
59%
B Biel
54%
L Laia
54%
L Lucía
51%
P Paula
51%
A Alex
49%
J Jan
46%
L Leo
46%
S Sofia
46%
A Arnau
41%
N Nil
41%
L Luca
38%
G Gala
32%
H Hugo
32%
L Lucas
30%
O Olivia
30%
E Emma
27%
J Jana
27%
A Aleix
24%
L Lia
24%
A Aina
22%
B Bruno
19%
M Mateo
19%
M Mia
16%
C Chloe
14%
L Lara
14%
A Arlet
11%
G Gael
11%
E Enzo
8%
L Liam
5%
B Bruna
3%
A Aran
0%
No se encontraron pruebas coincidentes
Distribución de puntuación
Porcentaje de gente con cada puntuación
Porcentaje por número respondido
Historial de tus puntuaciones
No has intentado esta prueba desde el último reinicio